Tilastot visalle U:lla alkavat valtiot

Klikkaa tästä pelataksesi tätä visaa!

Yleistilastot

  • Tätä visaa on pelattu 3 658 kertaa
  • Keskiarvotulos 5 / 6

Vastaustilastot

Valtio% Oikein
Ukraina
90%
Unkari
89%
Uzbekistan
85%
Uruguay
78%
Uganda
76%
Uusi-Seelanti
73%

Tulosjakauma

Persentiili vastausten määrän mukaan

Jokaisen tuloksen saaneiden osuus

Tuloshistoriasi

Et ole pelannut tätä visaa